Cytotoxicta nových derivátov benzamidu s afinitou k DNA

Saved in:
Bibliographic Details
Main Author: Júnošová, Lenka (Author)
Other Authors: Paulíková, Helena (Thesis advisor)
Format: Manuscript Book
Language:Slovak
Published: 2016
Subjects:
Online Access:http://is.stuba.sk/zp/portal_zp.pl?podrobnosti=131780
Tags: Add Tag
No Tags, Be the first to tag this record!

MARC

LEADER 00000ntm a22000003a 4500
001 stuzp58571
003 SK-STU
005 20160719155615.2
007 ta
008 150427s2015----xo-----f-mn---000-0-slo-d
040 |a STU  |b slo 
041 0 |a slo 
100 1 |a Júnošová, Lenka  |u 043000  |4 aut  |U FCHPT Fakulta chemickej a potravinárskej technológie  |T FCHPT Ústav biochémie a mikrobiológie  |X 42729  |U C3000  |Y 101  |7 42729 
242 0 1 |a Cytotoxicity of New Benzamide Derivatives with DNA Affinity  |y eng 
245 1 0 |a Cytotoxicta nových derivátov benzamidu s afinitou k DNA 
260 |c 2016 
650 4 |a átky viažuce sa do malého žliabku DNA  |2 slo 
650 4 |a multiterčové látky  |2 slo 
650 4 |a deriváty benzamidu  |2 slo 
650 4 |a derivatives of benzamide  |2 eng 
650 4 |a minor groove binders  |2 eng 
650 4 |a multitarget drug  |2 eng 
700 1 |a Paulíková, Helena  |u 043000  |k Z1  |4 ths  |U FCHPT Fakulta chemickej a potravinárskej technológie  |T FCHPT Ústav biochémie a mikrobiológie  |X 3915  |U C3000  |Y 101  |7 A000003915 
856 4 |u http://is.stuba.sk/zp/portal_zp.pl?podrobnosti=131780 
SQL |a stuzp58571  |b DDP  |c SLO  |d Cytotoxicta nových derivátov benzamidu s afinitou k DNA  |e 42729  |f Júnošová, Lenka  |g 043000  |h 3915  |i Paulíková, Helena  |j 20160606  |k 1392  |l 04  |m http://is.stuba.sk/zp/portal_zp.pl?podrobnosti=131780  |n I-BBT  |o 5.2.25. biotechnológie, 4.1.14. chémia